000
00342nam a22001457a 4500
999
_c
9074
_d
9074
003
OSt
008
200715b ||||| |||| 00| 0 eng d
100
_a
Jain , N.K
245
_a
Pharmaceutical Jurisprudence
250
_a
4th2018
260
_a
New Delhi
_b
Vallabh
300
_a
160
650
_a
Pharmaceutical Jurisprudence
942
_2
ddc
_c
BK